000
00264nam a2200097Ia 4500
008
120527s9999 xx 000 0 und d
100
_a
Hocutt,J.E et al.
245
_a
Emergence medicine:A quiock refernce for primary care.
260
_b
Acro Publishing
942
_c
BK
999
_c
19589
_d
19589